Vista normal
Vista MARC
Entrada Personal Name
Número de registros utilizados en: 1
001 - CONTROL NUMBER
- control field: 16289
003 - CONTROL NUMBER IDENTIFIER
- control field: DLC
005 - DATE AND TIME OF LATEST TRANSACTION
- control field: 20241004114621.0
008 - FIXED-LENGTH DATA ELEMENTS
- fixed length control field: 010619n| azannaabn |a aaa c
010 ## - LIBRARY OF CONGRESS CONTROL NUMBER
- LC control number: no2001048262
035 ## - SYSTEM CONTROL NUMBER
- System control number: (OCoLC)oca05514203
040 ## - CATALOGING SOURCE
- Original cataloging agency: IC
- Language of cataloging: spa
- Description conventions: rda
- Transcribing agency: Mx-PuUPA
- Modifying agency: DNLM
- Modifying agency: Mx-PuUPA
100 1# - HEADING--PERSONAL NAME
- Personal name: López Chicharro, José,
373 ## - ASSOCIATED GROUP
- Associated group: Departamento de enfermería, Universidad Complutense de Madrid
374 ## - OCCUPATION
- Occupation: Autor
- Occupation: Catedrático
375 ## - GENDER
- Gender: hombre
377 ## - ASSOCIATED LANGUAGE
- Language code: spa
400 1# - SEE FROM TRACING--PERSONAL NAME
- Personal name: Chicharro, José López
400 1# - SEE FROM TRACING--PERSONAL NAME
- Personal name: López Chicharro, J.
- Fuller form of name: (José)
400 1# - SEE FROM TRACING--PERSONAL NAME
- Personal name: Chicharro, J. López
- Fuller form of name: (José López)
670 ## - SOURCE DATA FOUND
- Source citation: Fisiología del ejercicio, 1995:
- Information found: t.p. (José López Chicharro; prof. titular de Fisiología del ejercicio de la Escuela de Enfermería, Fisioterapia y Podología, Universidad Complutense de Madrid)
670 ## - SOURCE DATA FOUND
- Source citation: OCLC, June 19, 2001
- Information found: (hdg.: López Chicharro, J. (José); usage: J. López Chicharro)